Κριτική της ελευθερίας της βούλησης

Αποθηκεύτηκε σε:
Λεπτομέρειες βιβλιογραφικής εγγραφής
Κύριος συγγραφέας: Schopenhauer, Arthur, 1788-1860
Άλλοι συγγραφείς: Αραβαντινός, Αθανάσιος Ι. (Επιμελητής έκδοσης), Βασιλειάδης, Χρήστος Α. (Μεταφραστής)
Μορφή: Βιβλίο
Γλώσσα:Greek
Δημοσίευση: Αθήναι : Αναγνωστίδης, [19--?]
Θέματα:
Ετικέτες: Προσθήκη ετικέτας
Δεν υπάρχουν, Καταχωρήστε ετικέτα πρώτοι!

MARC

LEADER 00000cam a2200000 i 4500
001 1/86993
008 051007q19601970 gre d
035 |l 10080702 
040 |a GR-MY-UA  |b gre  |e aacr 
041 0 |a gre 
082 0 |a 123.5  |2 (22) 
100 1 |a Schopenhauer, Arthur,   |d 1788-1860. 
245 1 0 |a Κριτική της ελευθερίας της βούλησης /  |c Αρθ. Σοπενχάουερ ; μετάφραση Χ. Βασιλειάδη ; επιμέλεια Α. Αραβαντίνου 
260 |a Αθήναι :   |b Αναγνωστίδης,   |c [19--?] 
300 |a xxxv, 163 σ.;  |c 22 εκ. 
650 0 0 |a Free will and determinism. 
700 1 |a Αραβαντινός, Αθανάσιος Ι.  |4 edt 
700 1 |4 trl  |a Βασιλειάδης, Χρήστος Α. 
852 |a INST  |b RHODES  |c KRI  |e 20051007  |h  123.5 SCH  |p 005400028098  |q 005400028098  |t BK  |y 0 
901 |a BIBL4-2005-3 
909 |a Ρ  |b 122542 
970 |a ΣΙΔΕΡΗ  |b ΝΕΚΤΑΡΙΑ  |z 2005/10/07